Oceňovanie a účtovanie dlhodobého majetku v podniku Železnice Slovenskej republiky, a.s. diplomová práca

Salvato in:
Dettagli Bibliografici
Autore principale: Mašlejová, Katarína
Ente Autore: Podnikovohospodárska fakulta EU so sídlom v Košiciach. Katedra účtovníctva a financií
Altri autori: Manová, Eva, 1957-
Natura: Libro
Lingua:slovacco
Pubblicazione: Košice 2008
Tags: Aggiungi Tag
Nessun Tag, puoi essere il primo ad aggiungerne!!

MARC

LEADER 00000nam$a2200000$$$4500
001 0077405
005 20240201115833.6
041 0 |a slo 
044 |a SK 
245 1 0 |a Oceňovanie a účtovanie dlhodobého majetku v podniku Železnice Slovenskej republiky, a.s.  |b diplomová práca  |c Katarína Mašlejová ; škol. Eva Manová 
264 1 |a Košice  |c 2008 
300 |a 63 s. 
100 1 |a Mašlejová, Katarína 
700 1 |a Manová, Eva, 1957- 
710 2 |a Podnikovohospodárska fakulta EU so sídlom v Košiciach. Katedra účtovníctva a financií